000 01539cam a22003015a 4500
001 L158266
002 19944
008 090109s2014 xxk f 001 0 eng d
020 _a9781482255287
022 1 _a0957-171X
035 _a(Sirsi) u159375
041 0 _aeng
050 0 4 _a624.05 $2 18
110 2 _aAECOM
245 0 0 _aSpon's civil engineering and highway works price book
_b2015
250 _a29th ed.
260 _aLondon
_bCRC Press
_bTaylor and Francis
_c2014
300 _axxiii, 656p.
_c26cm.
350 _a155
505 2 _aGeneral -- Preliminaries and general items -- Resources -- Unit costs (civil engineering works) -- Unit costs (highway works) -- Land remediation -- Unit costs (ancillary building works) -- Oncosts and profit -- Costs and tender prices indices -- Daywork -- Professional fees -- Approximate estimates -- Outputs -- Tables and memoranda
520 _aProvides costs for both general and civil engineering works and highway works, and shows a full breakdown of labour, plant and material elements. Contains prices revised up to May-June 2008. Includes amendments to the legislation to Capital Allowances, VAT and Construction sections. Organised to comply with the Civil Engineering Standard Method of Measurement, 3rd edition (CESMM3) and Methods of Measurement for Highway Works (MMHW). With tables and formulae.
520 _aSupersedes 28th edition
521 _aAdvanced
590 _aKA
651 4 _aUnited Kingdom
_y
690 _aBUILT ENVIRONMENT-BUILDING COSTS
942 _n0
999 _c115846
_d115846